000 01097nam a22003737a 4500
005 20260319111900.0
008 200902b2019 xxu||||| |||| 00| 0 spa d
020 _a9789974745278
041 _aESP
082 _a364.168 SA132d
100 _aSain, Gustavo
_958250
100 _aAzzolin, Horacio
_958251
245 _aDelitos informáticos: investigación criminal, marco legal y peritaje
260 _aArgentina
260 _bEditorial B de F
260 _c2019
300 _a202 páginas
490 _aInvestigación Criminal
650 _aINVESTIGACIÓN CRIMINAL
650 _aDELITOS INFORMÁTICOS
650 _aDISPOSITIVO INFORMÁTICO
650 _aEVIDENCIA DIGITAL
650 _aINFORMÁTICA FORENSE
650 _aESCENA DEL CRIMEN
650 _aMANIPULACIÓN DEL HARDWARE
650 _aMARCO LEGAL
650 _aDELITO GROOMING
650 _aDERECHO Y NUEVAS TECNOLOGÍAS
650 _aRESPONSABILIDAD LEGAL DE LAS EMPRESAS
650 _aPROTECCIÓN DE DATOS PERSONALES
650 _aCIBERDELITO DE BUDAPEST
650 _aARGENTINA
942 _cBK
_2ddc
999 _c12701
_d12701